| 000 | 00929cam a2200217 4500 | ||
|---|---|---|---|
| 001 | ABS64003 | ||
| 008 | 000000n2001 000 0 eng u | ||
| 035 | _a(Sirsi) u112726 | ||
| 100 | _aWilkinson, H | ||
| 245 | _aSend in the clowns? No good | ||
| 260 | _c2001 | ||
| 490 |
_aNew Law Journal _v151(6984) 18 May 2001, 723-724(2) |
||
| 520 | _aConsiders the doctrine of non-derogation from grant as examined in "Petra Investments Ltd v Jeffrey Rogers Plc" in which Rogers, who held a lease in a retail complex, claimed the arrival of a Virgin Megastore resulted in a loss of profits by altering the original character of the complex. Includes discussion of other non-derogation from grant cases. | ||
| 590 | _aABS | ||
| 650 | _aPETRA INVESTMENTS LTD V JEFFREY ROGERS PLC | ||
| 650 | _aSHOPPING MALL | ||
| 650 | _aNON-DEROGATION FROM GRANT | ||
| 650 | _aLEASES | ||
| 690 | _aPROPERTY-LANDLORD AND TENANT | ||
| 942 | _n0 | ||
| 999 |
_c67116 _d67116 |
||